| 000 | 01027cad a22001935a 4500 | ||
|---|---|---|---|
| 001 | L154397 | ||
| 008 | 11124 s20111028xxk f 000 0 eng d | ||
| 035 | _a(Sirsi) u154397 | ||
| 041 | 0 | _aeng | |
| 110 | 2 |
_aHome Builders Federation _94896 |
|
| 245 | 0 | 0 |
_aBroken ladder 2 _bmind the deposit gap _h[electronic resource] |
| 260 |
_aLondon _bHBF _c2011 |
||
| 520 | _aAffordability gap faced by first time buyers. Highlights the proportion of salary prospective first time buyers and length of time first buyers have to save for a deposit in order to be able to get onto the property ladder which has increased due to the shortage of available mortgage finance. Average house price to earnings ratio remains high. | ||
| 590 | _aKA NTK | ||
| 651 | 4 |
_aEngland and Wales _y1543- |
|
| 690 | _aPROPERTY-RESIDENTIAL PROPERTY-DOMESTIC RESIDENTIAL PROPERTY-HOUSING | ||
| 856 | 4 | 0 |
_uhttps://www.hbf.co.uk/fileadmin/documents/research/Broken_ladder_2_-_November_2011_FINAL.pdf _zView this item free of charge at www.hbf.co.uk |
| 942 | _n0 | ||
| 999 |
_c112972 _d112972 |
||